| 000 | 00378nam a2200133Ia 4500 | ||
|---|---|---|---|
| 008 | 231017s9999 xx 000 0 und d | ||
| 082 | _a625.7 | ||
| 082 | _bGAO | ||
| 245 | 0 | _aFederal efforts to strengthen security should be better coordinated and targeted on the nations most critical highway infracture | |
| 245 | 0 | _cGAO | |
| 260 | _bGAO | ||
| 300 | _c30cm | ||
| 942 | _cREP | ||
| 999 |
_c605736 _d605736 |
||